Armored Dinosaurs : (Registro nro. 30267)

Detalles MARC
000 -LEADER
fixed length control field 00371nam a22001337a 4500
003 - CONTROL NUMBER IDENTIFIER
control field OSt
005 - DATE AND TIME OF LATEST TRANSACTION
control field 20250808114159.0
008 - FIXED-LENGTH DATA ELEMENTS--GENERAL INFORMATION
fixed length control field 230920b |||||||| |||| 00| 0 eng d
040 ## - CATALOGING SOURCE
Transcribing agency CO-JMCR
082 04 - DEWEY DECIMAL CLASSIFICATION NUMBER
Classification number C
Item number ARMh
100 10 - MAIN ENTRY--PERSONAL NAME
Personal name Harrison, Paul,
Relator term autor
9 (RLIN) 10798
245 ## - TITLE STATEMENT
Title Armored Dinosaurs :
Remainder of title and their scary spikes, spines, and honors /
Statement of responsibility, etc. Paul Harrison
942 ## - ADDED ENTRY ELEMENTS (KOHA)
Source of classification or shelving scheme Dewey Decimal Classification
Koha item type Books
Existencias
Withdrawn status Lost status Source of classification or shelving scheme Damaged status Not for loan Collection code Home library Current library Date acquired Total Checkouts Full call number Barcode Date last seen Date last checked out Copy number Price effective from Koha item type
    Dewey Decimal Classification     Fiction Biblioteca Pública José María del Castillo y Rada Biblioteca Pública José María del Castillo y Rada 09/20/2023 20 C ARMh 201811970 02/11/2026 02/11/2026 Ej.1 09/20/2023 Books